00458nam a22001577a 450000500170000001000150001702000260003203500130005803700130007108200120008410000170009624500720011326000390018527000540022430000220027820160830114319.0 aENG-115859 a9789380633169c595.00 aEN-99391 bDBAD/PUB a374.954 dMoorthy,M.S. aTribal women empowerment role of adult education /cby M.S. Moorthy aNew DelhibSaad Publicationsc2014 a526,Vijay Park Street N0-5,MoujpurbDelhie110053 av,224p.c22cm(Hb)